TDS Enemies of Hardcore Mode - Statistics

General Stats
  • This quiz has been taken 37 times
  • The average score is 30 of 41
Answer Stats
Hint Answer % Correct
6 Abnormal
100%
25 Balloon
95%
180 Fallen
95%
22 Invisible
95%
30 Lead
95%
6 Quick
95%
180 Lead Boss
91%
70000 Molten Boss
91%
1200000 Void Reaver
91%
150000 Fallen King
86%
40000 Grave Digger
86%
20 Hefty
86%
150000 Fallen Swordmaster
82%
14000 Unknown
82%
600 Fallen Reaper
77%
850 Lead Balloon
77%
1600 Mega Slow
77%
750 Shadow Boss
77%
20 Breaker
73%
50 Breaker2
73%
8000 Slow King
73%
45000 Vindicator
73%
100 Breaker3
68%
200 Breaker4
68%
14000 Fallen Guardian
68%
700 Lava
68%
800 Soul
68%
6000 Speedy King
68%
60 Fallen Soul
64%
8000 Health Cultist
64%
3500 Molten Titan
64%
2500 Circuit
59%
5000 Fallen Hero
59%
150 Fallen Rusher
59%
7000 Fallen Titan
59%
2000 Giant Boss
59%
4000 Soul Boss
59%
20000 Necromancer Boss
55%
16000 Soul Stealer
55%
8000 Warden
55%
900 Error
41%
No matching quizzes found
Score Distribution
Percent of People with Each Score
Percentile by Number Answered
Your Score History
You have not taken this quiz